Music Artists by Song - Z - Statistics

General Stats
  • This quiz has been taken 54 times
    15 since last reset
  • The average score is 5 of 9
Answer Stats
Songs Artist % Correct
Lush Life / Symphony / Never Forget You Zara Larsson
83%
I Don't Wanna Live Forever / Dusk Till Dawn / PILLOWTALK ZAYN
83%
The Middle / Clarity / Stay Zedd
83%
Rewrite The Stars / All For Us / Replay Zendaya
83%
La Grange / Sharp Dressed Man / Gimme All Your Lovin' ZZ Top
50%
I Remember Everything / Pink Skies / Something in the Orange Zach Bryan
42%
Bet On It / The Other Side / Scream Zac Efron
33%
In Bloom / Doctor! Doctor! / Feel the POP ZEROBASEONE
25%
Time Of The Season / She's Not There / This Will Be Our Year The Zombies
17%
No matching quizzes found
Score Distribution
Percent of People with Each Score
Percentile by Number Answered
Your Score History
You have not taken this quiz since the last reset